000 00668nam a2200217Ii 4500
003 JO-AjNU
008 230606s9999||||xx |||||||||||||| ||und||
020 _a978-0-19-883872-2
040 _aJO-AjNU
_beng
_erda
_cJO-AjNU
041 _aeng
050 1 4 _aKD3095.A29. B58 2019
100 3 _aedited Kidner, Richard ,
_eauthor
_96108
245 0 0 _aBlackstone's statutes on Employment Law 2019-2020
250 _a29thed
264 3 1 _aOxford: Oxford University Press, 2019
300 _a465p
336 _atext
_btxt
_2rdacontent
337 _aunmediated
_bn
_2rdamedia
338 _avolume
_bnc
_2rdacarrier
650 4 _aLabor laws and legislation-England-Wales
_96109
999 _aE3171
_c3167
_d3167